LAB MANUAL PRACTICAL [ D.PHARMA, 2ND YEAR] PART-II (Record no. 8706)

MARC details
000 -LEADER
fixed length control field 00559nam a22001817a 4500
005 - DATE AND TIME OF LATEST TRANSACTION
control field 20240923101451.0
008 - FIXED-LENGTH DATA ELEMENTS--GENERAL INFORMATION
fixed length control field 240920b |||||||| |||| 00| 0 eng d
020 ## - INTERNATIONAL STANDARD BOOK NUMBER
ISBN 978-93-5480-656-8
041 ## - LANGUAGE CODE
Language code of text/sound track or separate title eng
082 ## - DEWEY DECIMAL CLASSIFICATION NUMBER
Classification number 615.150 78
100 ## - MAIN ENTRY--AUTHOR NAME
Personal name PANDEY, DR. DESH DEEPAK & YADAV, DR. AJIT KUMAR AND SRIVASTAVA, MONIKA SAXENA
245 ## - TITLE STATEMENT
Title LAB MANUAL PRACTICAL [ D.PHARMA, 2ND YEAR] PART-II
250 ## - EDITION STATEMENT
Edition statement 1 ST RE- PRINT ED. 2022
260 ## - PUBLICATION, DISTRIBUTION, ETC. (IMPRINT)
Place of publication LUCKNOW
Name of publisher THAKUR PUBLICATION PVT.LTD
300 ## - PHYSICAL DESCRIPTION
Number of Pages E-55;P
650 ## - SUBJECT ADDED ENTRY--TOPICAL TERM
Topical Term PHARMACY
General subdivision D.PHARMA
942 ## - ADDED ENTRY ELEMENTS (KOHA)
Koha item type Books
Holdings
Lost status Damaged status Collection code Home library Current library Shelving location Date acquired Source of acquisition Cost, normal purchase price Serial Enumeration / chronology Full call number Accession Number Koha item type
    PHARMACY JRU Library JRU Library SHELF-3-C 13/09/2024 PURCHASE 250.00 NEW ARRIVALS SHELF 615.150 78 28587 Books
    PHARMACY JRU Library JRU Library Shelf - 27- A 13/09/2024 PURCHASE 250.00   615.150 78 28588 Books
    PHARMACY JRU Library JRU Library Shelf - 27- A 13/09/2024 PURCHASE 250.00   615.150 78 28589 Books